MDQL
is popping MORE tags! Check the
thread
!
Quizzes
Events
Quiz Creation
Community
Videos
Private Events
Remove Ads
Sign In
Join for FREE
Feedback
Dark Mode
Quiz Categories
Sports
Geography
Music
Movies
Television
Just For Fun
Miscellaneous
History
Literature
Language
Science
Gaming
Entertainment
Religion
Holiday
For Kids
Quiz Lab
Recent
Popular Today
Quiz Kudos Today
Editor Picks
Curator Picks
Quizzes by...
Day
Popularity
Type
Ratings
Length
Year
Community
Subscriptions
Recent Discussions
Orange Saloon
Badges
Playlists
Quests
Create
Leaderboards
Showdown
Live 5
Trivia Bingo
Activity
Puzzle Library
Sporcle Events
Private Events
Virtual Trivia
Globe League
Become a Host
Pub Owners
SporcleCon
Opinionation
Our Games
Videos
Blog
Mobile Apps
Partnerships
Remove Ads and Go Orange
Feedback
Science
Computer
Plants
Astronomy
Chemistry
Elements
Math
Animal
Physics
Anatomy
Biology
Geology
General Science
Science
Computer
Plants
Astronomy
Chemistry
Elements
Math
Animal
Physics
Anatomy
Biology
Geology
General Science
Random Quiz
Search Sporcle
×
Quiz Lab
Quiz Lab
Science
Math
Type in answers that appear in a list
Type in answers that appear in a list
Classic
Best Score? Go Orange.
Maths.. Stats
Can you name the Answers to these math questions?
By
uddhav
3m
10 Questions
88 Plays
88 Plays
88 Plays
Comments
Comments
Give Quiz Kudos
Give Quiz Kudos
-
- Ratings
hide this ad
More Info
Forced Order
Answers have to be entered in order
Answers have to be entered in order
Replay
Link that replays current quiz
Next Quiz
Link to next quiz in quiz playlist
You Got
0%
They Got
Avg Score
47%
Avg Friend Score
Upgrade to see
Score Distribution
Jump to the score distribution portion of the page
Score
0/10
Timer
03:00
0
Plays Today
Equation/Series
Solution
% Correct
log x = 2
100
89.8%
1 + 2 + 3 + 4 .... 100
5050
72.7%
[2^(x+1)]^(x+1)= 16
-3,1
69.3%
0(e^pi + pi^e)
0
65.9%
log (2x) = 4
5000
58%
-
sec(3pi/
4)
√2
33%
1 + 1/
1! + 1/
2! + 1/
3! + 1/
4! ... 1/
∞!
e
30.7%
3 (sin^4(A)+cos^4(A))-
2 (sin^6(A)+cos^6(A)) = tan(x)
pi/4
21.6%
1 + 1/
2^2 + 1/
3^2 + 1/
4^2 + ... 1/
∞^2
pi^2 / 6
15.9%
1-
1/
3 + 1/
5 -
1/
7 + 1/
9 -
1/
11...1/
∞
pi/4
14.8%
Quiz Playlist
Details
Report
Send in Message
Add To Playlist
More Info:
Either Solve for x or compute the series. pi is to be written as "pi". Logarithms are to be taken in base 10.
Classic:
Type in answers that appear in a list
Forced Order:
Answers have to be entered in order
Last Updated: Feb 16, 2017
Quiz Scoreboard
CHALLENGE
Sign Up to Join the Scoreboard
Show All
Scores
Hide
Comments
May contain spoilers
Recently Published
Holiday 10x10 Sorting Gallery
by lukepisani3
Holiday
15m
Two Season TV Shows II
by 123Four
Television
10m
Image Sorting: Flags VI
by Barbecue
Geography
2m
More to Explore
Quiz From the Vault
Featured Blog Post
14 Easter Pick-up Lines to Find Eggs With
hide this ad
You Might Also Like...
Tags
Math Quiz
Equation
solution
Today's Top Quizzes in Science
Browse Science
hide this ad
Today's Top Quizzes in Math
Browse Math
Top Contributed Quizzes in Science
1
Mitosis Sporcle for Escape Room
2
Windmill: Elements
3
DNA Speed Challenge For Breakout Box
4
200 Vogels in Nederland
5
Elements In Images
6
Glycolysis
7
Quick Pick: 'CI-CJ' Animals
8
Astronomy Spelling Bee
9
perfect squares 1-25
10
Periodic Table of Elements by Abbreviations
Explore More
Trending Topics
NBA
Disney
Crossword
Harry Potter
Kpop
Anime
Marvel
Pokémon
The Office
Song
Puzzle
WWE
NFL
Country
Soccer
hide this ad
More By:
uddhav
Quiz
Plays
Rating
Category
Featured
Created
Parts of a Plane
4,848
4.50
Science
Mar 22, 2011
Sporcle Elements
658
3.82
Science
Feb 25, 2010
Games from Pics
588
2.58
Gaming
Mar 10, 2010
Mostly Densly Populated US Metro Areas
556
2.91
Geography
Apr 10, 2010
5 Acting Oscar Nominations
528
3.50
Movies
Mar 1, 2010
Go to Creator's Profile
Score Distribution
Quiz Creator Spotlight
uddhav
Follow
Send a Message
Quizzes Created
-
Created Quiz Play Count
-
More By This Creator
Popular Quizzes Today
1
Find the US States - No Outlines Minefield
2
Colored Red Africa Blitz
3
Find the 'City' Movie
4
The Countries of the World
5
Find the US States
6
5x2 Blitz: Bands
7
Find the Countries of Europe - No Outlines Minefield
8
US States
More Science Quizzes
Elect an Echinoderm
Editor's Pick
Trending Quizzes
Colored Red Europe Blitz I
Colored Red Europe Blitz II
Colored Red Africa Blitz II
Colored Red Africa Blitz III
Colored Red Europe Blitz III
Recently Updated
Odd Team Out - Big 4 Players
pecheneg
Quick Pick: 20 Twenties
pecheneg
March Madness Men's Triple Doubles
pecheneg
How Do You Spell That?
pecheneg
Godzilla Movies
pecheneg
Grab Bag: 4-10 Letters
pecheneg
2024 March Madness Bracket
pecheneg
Famous TV Couples
Peacemaker
Champions League XIs: Real Madrid
pecheneg
Largest US Cities 1790-2010
pecheneg
Trending Topics
NBA
Harry Potter
Anime
Marvel
Crossword
Disney
Kpop
Country
Song
NFL
WWE
The Office
Pokémon
Soccer
Puzzle
Your Account Isn't Verified!
In order to create a playlist on Sporcle, you need to verify the email address you used during registration. Go to your
Sporcle Settings
to finish the process.
Report this User
Report this user for behavior that violates our
Community Guidelines
.
Details:
Send Report
Go to the Sporcle.com Mobile Site →
Comments